| 000 | 00453pab a2200169 454500 | ||
|---|---|---|---|
| 008 | 180718b2012 xxu||||| |||| 00| 0 eng d | ||
| 100 | _aPrakash Kumar | ||
| 245 | _aInformation and communication technology (ICT) for green and sustainable cities | ||
| 260 | _c2012 | ||
| 300 | _ap.102-111. | ||
| 362 | _aJan-Feb | ||
| 650 | _aCommunication technology | ||
| 650 | _aInformation technology | ||
| 773 | _aUrban India | ||
| 908 | _aN | ||
| 909 | _a98821 | ||
| 999 |
_c98820 _d98820 |
||